01661nam a2200409 i 450000100060000000300080000600500170001400600190003100700150005000800410006502000180010602000280012403500230015204000310017505000240020608000120023008200210024210000390026324501840030226400630048630000410054933600290059033700330061933800390065249000370069158800830072859001620081165000270097365000300100065000250103065000330105565500270108879700180111583000380113385600630117199900170123425143FINmELB20241216215810.0m o u cr cn|||||||||200210s2018 mx o 000 0 spa d z9786078559480 a9781512970364q(e-book) a(OCoLC) 1142939761 aFINmELBbspaerdacFINmELB14aHT169.M4bG984 2018 a711(72)04a307.121609722231 aGutiérrez Chaparro, Juan José.10aPlaneación urbana :bcrítica y tendencias emergentes desde el campo de la teoría : la experiencia planificadora en el Estado de México /cJuan José Gutiérrez Chaparro. 1aCiudad de México :bEdiciones y Gráficos Eón,c2018. a1 recurso en línea (185 páginas) atextobtxt2rdamedia/spa acomputadorabc2rdamedia/spa arecurso en línea2rdacarrier/spa1 aColección Miradas del centauro aDescripción basada en metadatos suministrados por el editor y otras fuentes. aRecurso electrónico. Santa Fe, Arg.: elibro, 2019. Disponible vía World Wide Web. El acceso puede estar limitado para las bibliotecas afiliadas a elibro. 0aCity planningzMexico. 0aCities and townsxGrowth. 4aUrbanismozMéxico. 4aDesarrollo urbanozMéxico. 4aLibros electrónicos.2 aelibro, Corp. 0aColección Miradas del centauro. uhttps://elibro.net/ereader/politecnicointernacional/112938 c25143d25143